000 00527nam a2200193 i 4500
001 14946
003 ES-MaACL
005 20251019063035.0
007 t|
008 991122s1999 sp ||||1| spa d
020 _a84-204-3087-0
080 _a821.134.2(72)-31"19"
100 1 _aFuentes, Carlos,
_d1928-2012
_9242378
245 1 4 _aLos años con Laura Díaz /
_cCarlos Fuentes.
260 _aMadrid :
_bAlfaguara,
_c[1999]
300 _a470 p. ;
_c22 cm.
852 4 _aES-MaACL
_jL-22200
999 _c14946
_d14946